000 00713nam a2200229Ia 4500
003 OSt
005 20251029123926.0
008 210716s2008 xx 000 0 und d
020 _a9788126516674
040 _cAIMIT LIBRARY
041 _aeng
082 _a005.8
_21
_bANDR
100 _aAnderson, Ross J.
_9243143
245 _aSecurity engineering :
_bguide to building dependable distributed systems /
_cBy Ross J Anderson.
250 _a2nd ed.
260 _aNew Delhi :
_bWiley India Pvt Ltd ,
_c2008.
300 _axl,1040p. ;
_bPB
_c23.9 cm
650 _aAccess control
_9243144
650 _aDistributed systems
_9243145
650 _aPhysical protection
_9243146
942 _2ddc
_cBK
_e1st
_k005.8 ANDR
999 _c189701
_d189701